000 00652nam a22001937a 4500
005 20100811101917.0
010 _aENG-99451
020 _a97880017914
_c80.00
035 _aEN-82983
037 _bDBAD/PUB
082 _a519.5
100 _aSivasakthi,K.
_910547
245 _aMathematical statistics -1 /
_cby K.Sivasakthi,
260 _aChennai
_bToday Publication
_c2008
270 _a192,bells Road
_bChennai
300 _a142p.
_c22cm (pbk)
942 _2ddc
_cEN
_h519.5
_mSIV
999 _c40819
_d40819